Űdvözlet Dobsináról Téli utca
Zobrazenie: Pohľad na ulicu s radmi budov z oboch strán. Vľavo v popredí je na ulici konský povoz, vpravo od neho je skupina pózujúcich detí. Vpravo na chodníku stojí jeden mladý muž. V pozadí vidno kostol
| Format: | Postcard |
|---|---|
| Language: | Hungarian German |
| PhysicalDescription: | 1 pohľadnica tónovaná do zelena 9 x 14 cm |
| Published: |
[Budapešť?]
W. L. Bp.
[1909?]
|
| Subjects: |
MARC
| LEADER | 00000ckm a2200000 a 4500 | ||
|---|---|---|---|
| 001 | vtls010091389 | ||
| 003 | SK-MaSNL | ||
| 005 | 20260512122207.0 | ||
| 007 | kp ao | ||
| 008 | 200701q1909 hu g knhun | ||
| 015 | |a SNBG1909 | ||
| 040 | |a SNK |b slo |c SNK |e AACR2 | ||
| 041 | 0 | |a hun |a ger | |
| 043 | |a e-xo--- | ||
| 044 | |a hu |c HU | ||
| 072 | 7 | |a 913 |x Regionálna geografia |2 konspekt | |
| 080 | |a 913(437.6) |2 2011 | ||
| 080 | |a 711.73 |2 2011 | ||
| 080 | |a 726:27-523.42 |2 2011 | ||
| 080 | |a 721 |2 2011 | ||
| 080 | |a 94(084.121) |2 2011 | ||
| 245 | 0 | 0 | |a Űdvözlet Dobsináról |h grafika |b Téli utca |
| 246 | 3 | 1 | |a Gruss aus Dobsina |b Winter Gasse |
| 260 | |a [Budapešť?] |b W. L. Bp. |c [1909?] | ||
| 300 | |a 1 pohľadnica |b tónovaná do zelena |c 9 x 14 cm | ||
| 500 | |a Názvové údaje prevzaté z obrazovej časti pohľadnice | ||
| 520 | 8 | |a Zobrazenie: Pohľad na ulicu s radmi budov z oboch strán. Vľavo v popredí je na ulici konský povoz, vpravo od neho je skupina pózujúcich detí. Vpravo na chodníku stojí jeden mladý muž. V pozadí vidno kostol | |
| 546 | |a Súbežný názov a podnázov v nem. | ||
| 650 | 0 | 7 | |a ulice |2 SNKPH |9 2938 |
| 650 | 0 | 7 | |a kostoly |2 SNKPH |9 3023 |
| 650 | 0 | 7 | |a budovy |2 SNKPH |9 1283 |
| 651 | 7 | |a Dobšiná (Slovensko) |2 SNKPHgeo |9 26940 | |
| 655 | 7 | |a miestne pohľadnice |2 SNKPH |9 70510 | |
| 655 | 7 | |a historické pohľadnice |2 SNKPH& |9 159703 | |
| 958 | |a GBN | ||
| 958 | |a GC | ||
| 958 | |a ONDV | ||
| 999 | |c 589869 |d 591799 | ||
| 952 | |a SNK |b SNK |y PREZ |7 0 |p 17A0647588 |o snkSP 10567 |z Pohľadnica prešla poštou. |0 0 |1 0 |4 0 |d 2010-05-03 |f 1 |l 0 |r 2026-02-23 15:21:09 |w 2026-02-23 | ||


